00573nam a2200181Ii 450000100060000000300090000600800410001504000330005604100080008908200150009711000830011224500660019526400370026130000120029833600260031033700280033633800270036415740CO-ViMGA241108s9999||||xx |||||||||||||| ||und|| aCO-ViMGAbspaerdacCO-ViMGA0 aspa04a369.4 I45m1 aIglesia Católica. Consejo Episcopal Latinoamericano. Departamento de Laicos.10aLa mujer en América Latina :ben búsqueda de su identidad 1aBogotá, Colombia : CELAM, 1994 avolumen atextbtxt2rdacontent aunmediatedbn2rdamedia avolumebnc2rdacarrier